Norton anthology of western music / volume 1

Shranjeno v:
Bibliografske podrobnosti
Glavni avtor: Palisca, Claude V
Drugi avtorji: Palisca, Claude V., Grout, Donald Jay.
Format: Knjiga
Jezik:English
Izdano: New York : W.W. Norton, c2006-.
Izdaja:5th ed.
Teme:
Oznake: Označite
Brez oznak, prvi označite!
Thư viện lưu trữ: Mạng thư viện Đại học Đà Nẵng
LEADER 01563nam a22003851a 4500
001 000034735
003 10946
005 20240923110159.0
008 151027s2006 000 eng
020 |a 0393979903 
041 |a eng 
082 |a 780.9  |b PA-C 
100 |a Palisca, Claude V 
245 0 0 |a Norton anthology of western music /  |c edited by J. Peter Burkholder and Claude V. Palisca.  |n volume 1 
250 |a 5th ed. 
260 |a New York :  |b W.W. Norton,  |c c2006-. 
300 |a 1 score (v. <1>) ;  |c 26 cm. 
500 |a Vocal and instrumental music. 
546 |a Vocal works with English, French, German, Greek, Italian, Latin, or Russian words, also printed as text with English translation. 
500 |a Companion volumes to: A history of western music / Donald J. Grout, Claude V. Palisca. 7th ed. New York : Norton, 2006. 
500 |a Includes indexes. 
505 1 |a v. 1. Ancient to Baroque 
650 0 |a Musical analysis  |v Music collections. 
650 0 |a Music appreciation  |v Music collections. 
700 1 |a Palisca, Claude V. 
700 1 |a Grout, Donald Jay.  |t History of western music. 
OWN |a LNN 
AVA |a UDN50  |b LNN  |c English  |d 780.9PA-C  |e available  |t Error 5001 Not defined in file expand_doc_bib_avail.  |f 1  |g 0  |h N  |i 0  |j AN  |k 1 
999 |a From the UDN01 
AVA |a UDN50  |b LNN  |c English  |d 780.9PA-C  |e available  |t Error 5001 Not defined in file expand_doc_bib_avail.  |f 1  |g 0  |h N  |i 0  |j AN  |k 1 
TYP |a Monograph 
980 |a Mạng thư viện Đại học Đà Nẵng